Nadwah ḥiwārīyah ḥawla al-iqtiṣād al-Miṣrī wa-al-maʻūnāt al-ajnabīyah : al-Arbaʻāʼ al-muwāfiq 5/2/2003 M.

Disimpan dalam:
Butiran Bibliografi
Pengarang-pengarang Korporat: Nadwah Ḥiwārīyah ḥawla al-Iqtiṣād al-Miṣrī wa-al-Maʻūnāt al-Ajnabīyah Cairo, Egypt), Markaz Ṣāliḥ ʻAbd Allāh Kāmil lil-Iqtiṣād al-Islāmī.
Format: Buku
Bahasa:Arabic
Diterbitkan: [Cairo] : Jāmiʻat al-Azhar, Markaz Ṣāliḥ Kāmil lil-Iqtiṣād al-Islāmī, [2003]
Siri:Silsilat al-Nadawāt wa-al-muʼtamarāt.
Subjek-subjek:
Penanda-penanda: Tambah Penanda
Tiada Penanda, Jadilah orang pertama menanda rekod ini!
LEADER 01061nam a2200265Ia 4500
001 009242539-9
005 20060622120115.0
008 050727s2003 ua 100 0 arard
020 |a 9773550168 
035 0 |a ocm61152512 
040 |a IXA  |c IXA 
043 |a f-ua--- 
090 |a HC830  |b .N23 2003 
111 2 |a Nadwah Ḥiwārīyah ḥawla al-Iqtiṣād al-Miṣrī wa-al-Maʻūnāt al-Ajnabīyah  |d (2003 :  |c Cairo, Egypt) 
245 1 0 |a Nadwah ḥiwārīyah ḥawla al-iqtiṣād al-Miṣrī wa-al-maʻūnāt al-ajnabīyah :  |b al-Arbaʻāʼ al-muwāfiq 5/2/2003 M. 
260 |a [Cairo] :  |b Jāmiʻat al-Azhar, Markaz Ṣāliḥ Kāmil lil-Iqtiṣād al-Islāmī,  |c [2003] 
300 |a 77 p. ;  |c 20 cm. 
490 1 |a Silsilat al-Nadawāt wa-al-muʼtamarāt 
650 0 |a Economic assistance  |z Egypt  |v Congresses. 
651 0 |a Egypt  |x Economic conditions  |v Congresses. 
710 2 |a Markaz Ṣāliḥ ʻAbd Allāh Kāmil lil-Iqtiṣād al-Islāmī. 
752 |a Egypt  |d Cairo. 
830 0 |a Silsilat al-Nadawāt wa-al-muʼtamarāt. 
988 |a 20031121 
906 |0 OCLC